Online
Catalog

La madre naturaleza / (Record no. 5117)

MARC details
000 -CABECERA
campo de control de longitud fija 00904cam a2200253 a 4500
001 - NÚMERO DE CONTROL
campo de control 000005316
005 - FECHA Y HORA DE LA ÚLTIMA TRANSACCIÓN
campo de control 20200929151637.0
008 - DATOS DE LONGITUD FIJA--INFORMACIÓN GENERAL
campo de control de longitud fija 991110s1999 sp a b 001 1 spa
020 ## - NÚMERO INTERNACIONAL ESTÁNDAR DEL LIBRO
Número Internacional Estándar del Libro 8437617197
040 ## - FUENTE DE LA CATALOGACIÓN
Centro catalogador/agencia de origen DO-SdBNP
Centro/agencia transcriptor DLC
Centro/agencia modificador DLC
082 ## - NÚMERO DE LA CLASIFICACIÓN DECIMAL DEWEY
Número de clasificación 863.5
Número de documento/Ítem P226m
100 1# - ENTRADA PRINCIPAL--NOMBRE DE PERSONA
Nombre de persona Pardo Bazán, Emilia,
Títulos y otros términos asociados al nombre condesa de,
Fechas asociadas al nombre 1852-1921.
9 (RLIN) 3459
245 13 - MENCIÓN DE TÍTULO
Título La madre naturaleza /
Mención de responsabilidad, etc. Emilia Pardo Bazán ; edición, Ignacio Javier López.
260 ## - PUBLICACIÓN, DISTRIBUCIÓN, ETC.
Lugar de publicación, distribución, etc. Madrid :
Nombre del editor, distribuidor, etc. Cátedra,
Fecha de publicación, distribución, etc. 1999.
300 ## - DESCRIPCIÓN FÍSICA
Extensión 405 p. :
Otras características físicas il. ;
Dimensiones 18 cm.
440 #0 - MENCIÓN DE SERIE/PUNTO DE ACCESO ADICIONAL--TÍTULO
Título Letras hispánicas ;
Designación de volumen o secuencia 462
9 (RLIN) 4208
504 ## - NOTA DE BIBLIOGRAFÍA, ETC.
Nota de bibliografía, etc. Bibliografías: p. 73-79.
504 ## - NOTA DE BIBLIOGRAFÍA, ETC.
Nota de bibliografía, etc. Incluye referencias bibliográficas y notas al pie de las páginas
650 #4 - PUNTO DE ACCESO ADICIONAL DE MATERIA--TÉRMINO DE MATERIA
Término de materia o nombre geográfico como elemento de entrada Novela española
9 (RLIN) 1123
650 #4 - PUNTO DE ACCESO ADICIONAL DE MATERIA--TÉRMINO DE MATERIA
Término de materia o nombre geográfico como elemento de entrada Literatura española
Subdivisión general Crítica e interpretación
Subdivisión cronológica SIGLO XIX
9 (RLIN) 15087
700 1# - PUNTO DE ACCESO ADICIONAL--NOMBRE DE PERSONA
Nombre de persona López, Ignacio Javier,
Término indicativo de función/relación ed.
9 (RLIN) 9763
910 ## - DATOS DE OPCIÓN DEL USUARIO (OCLC)
Datos de opción del usuario Catalogación por copia / LC
910 ## - DATOS DE OPCIÓN DEL USUARIO (OCLC)
Datos de opción del usuario WM
Holdings
Estado de retiro Estado de pérdida Restricciones de uso No para préstamo Código de colección Localización permanente Ubicación/localización actual Ubicación en estantería Fecha de adquisición Número de inventario Total de préstamos Signatura topográfica completa Código de barras Fecha visto por última vez Precio válido a partir de Tipo de ítem Koha
    Préstamo interno   Monografías: Libros y Folletos General General Depósito 18.08.2009 LF1   863.5 P226m 5316-10 25.06.2020 25.06.2020 Préstamo interno

Powered by Koha